Readings and cases in international human resource management (Record no. 69962)

000 -LEADER
fixed length control field 01269cam a22003494a 4500
001 - CONTROL NUMBER
control field 3103480
003 - CONTROL NUMBER IDENTIFIER
control field NUST - PNEC
005 - DATE AND TIME OF LATEST TRANSACTION
control field 20170116181131.0
008 - FIXED-LENGTH DATA ELEMENTS--GENERAL INFORMATION
fixed length control field 990407s2000 ohua b 000 0 eng
010 ## - LIBRARY OF CONGRESS CONTROL NUMBER
LC control number 99027527
020 ## - INTERNATIONAL STANDARD BOOK NUMBER
International Standard Book Number 0324006349
035 ## - SYSTEM CONTROL NUMBER
System control number (DLC) 99027527
040 ## - CATALOGING SOURCE
Original cataloging agency DLC
Transcribing agency LIBRARY
Modifying agency DLC
042 ## - AUTHENTICATION CODE
Authentication code pcc
050 00 - LIBRARY OF CONGRESS CALL NUMBER
Classification number HF5549
Item number .R3813 2000
082 00 - DEWEY DECIMAL CLASSIFICATION NUMBER
Classification number 658.3 MEN
Edition number 21
100 ## - MAIN ENTRY--PERSONAL NAME
9 (RLIN) 13961
Personal name Mendenhall, M.
245 00 - TITLE STATEMENT
Title Readings and cases in international human resource management
Statement of responsibility, etc. Mark Mendenhall
250 ## - EDITION STATEMENT
Edition statement 3rd ed.
260 ## - PUBLICATION, DISTRIBUTION, ETC.
Place of publication, distribution, etc. Cincinnati, OH :
Name of publisher, distributor, etc. South-Western College Pub.,
Date of publication, distribution, etc. c.2000
300 ## - PHYSICAL DESCRIPTION
Extent x, 523 p. :
Other physical details ill. ;
Dimensions 24 cm.
504 ## - BIBLIOGRAPHY, ETC. NOTE
Bibliography, etc. note Includes bibliographical references.
650 #0 - SUBJECT ADDED ENTRY--TOPICAL TERM
Topical term or geographic name entry element Personnel management
Form subdivision MIS
650 #0 - SUBJECT ADDED ENTRY--TOPICAL TERM
Topical term or geographic name entry element Intercultural communication
Form subdivision Case studies.
650 #0 - SUBJECT ADDED ENTRY--TOPICAL TERM
Topical term or geographic name entry element International business enterprises
General subdivision Personnel management
Form subdivision Cross-cultural studies.
650 #0 - SUBJECT ADDED ENTRY--TOPICAL TERM
Topical term or geographic name entry element Corporate culture
Form subdivision Cross-cultural studies.
700 1# - ADDED ENTRY--PERSONAL NAME
Personal name Mendenhall, Mark E.,
Dates associated with a name 1956-
700 1# - ADDED ENTRY--PERSONAL NAME
Personal name Oddou, Gary R.
906 ## - LOCAL DATA ELEMENT F, LDF (RLIN)
a 7
b cbc
c orignew
d 1
e ocip
f 19
g y-gencatlg
942 ## - ADDED ENTRY ELEMENTS (KOHA)
Source of classification or shelving scheme
Koha item type Book
Holdings
Withdrawn status Lost status Source of classification or shelving scheme Damaged status Not for loan Permanent Location Current Location Shelving location Date acquired Total Checkouts Full call number Barcode Date last seen Price effective from Koha item type
          Pakistan Navy Engineering College (PNEC) Pakistan Navy Engineering College (PNEC)       658.3 MEN PNECLIB-030548 10/06/2015   Book
© 2023 Central Library, National University of Sciences and Technology. All Rights Reserved.